BASIC ABSTRACT ALGEBRA (Record no. 14242)

MARC details
000 -LEADER
fixed length control field 00265nam a22001337a 4500
003 - CONTROL NUMBER IDENTIFIER
control field SGT
082 ## - DEWEY DECIMAL CLASSIFICATION NUMBER
Classification number 512
Item number BHA
100 ## - MAIN ENTRY--PERSONAL NAME
Personal name BHATTACHARYA P.B.
245 ## - TITLE STATEMENT
Title BASIC ABSTRACT ALGEBRA
250 ## - EDITION STATEMENT
Edition statement 2ND
260 ## - PUBLICATION, DISTRIBUTION, ETC. (IMPRINT)
Place of publication, distribution, etc CAMBRIDGE
Year of Publication 2017
300 ## - PAGE DESCRIPTION
No. of Pages 487
942 ## - ADDED ENTRY ELEMENTS (KOHA)
Source of classification or shelving scheme Dewey Decimal Classification
Koha item type Books

No items available.